[Event "SM-gruppen"]
[Site "Örebro"]
[Date "2013.07.06"]
[Round "1"]
[White "Cramling, Pia"]
[Black "Carlsson, Pontus"]
[Result "1-0"]
[BlackElo "2516"]
[WhiteElo "2524"]

1. Nf3 {[%clk 1:30:55]} Nf6 {[%clk 1:27:22]} 2. c4 {[%clk 1:31:07]} e6
{[%clk 1:27:27]} 3. Nc3 {[%clk 1:30:58]} Bb4 {[%clk 1:27:42]} 4. Qb3
{[%clk 1:31:12]} c5 {[%clk 1:23:04]} 5. a3 {[%clk 1:31:16]} Ba5 {[%clk 1:19:40]}
6. g3 {[%clk 1:31:28]} O-O {[%clk 1:19:38]} 7. Bg2 {[%clk 1:31:12]} d5
{[%clk 1:17:00]} 8. O-O {[%clk 1:29:50]} Nc6 {[%clk 0:55:23]} 9. d3
{[%clk 1:19:09]} Bxc3 {[%clk 0:53:39]} 10. Qxc3 {[%clk 1:19:22]} d4
{[%clk 0:54:02]} 11. Qc2 {[%clk 1:19:12]} e5 {[%clk 0:52:01]} 12. b4
{[%clk 1:00:18]} cxb4 {[%clk 0:51:22]} 13. axb4 {[%clk 1:00:21]} Nxb4
{[%clk 0:51:40]} 14. Qa4 {[%clk 0:59:12]} Nc6 {[%clk 0:48:54]} 15. Bg5
{[%clk 0:58:55]} h6 {[%clk 0:35:02]} 16. Bxf6 {[%clk 0:58:31]} Qxf6
{[%clk 0:34:58]} 17. Rfb1 {[%clk 0:58:19]} Qe7 {[%clk 0:22:06]} 18. Nd2
{[%clk 0:41:50]} Bg4 {[%clk 0:22:30]} 19. Bxc6 {[%clk 0:37:18]} bxc6
{[%clk 0:22:52]} 20. f3 {[%clk 0:37:40]} Qg5 {[%clk 0:15:53]} 21. Nf1
{[%clk 0:26:01]} Bh3 {[%clk 0:15:23]} 22. Qxc6 {[%clk 0:26:14]} h5
{[%clk 0:09:03]} 23. Qe4 {[%clk 0:17:14]} f5 {[%clk 0:02:40]} 24. Qxe5
{[%clk 0:15:08]} Rae8 {[%clk 0:00:33]} 25. Qd5+ {[%clk 0:14:55]} Kh7
{[%clk 0:00:55]} 26. Re1 {[%clk 0:14:23]} h4 {[%clk 0:01:06]} 27. Qxd4
{[%clk 0:12:20]} hxg3 {[%clk 0:00:37]} 28. hxg3 {[%clk 0:11:49]} f4
{[%clk 0:00:34]} 29. g4 {[%clk 0:05:45]} Rf6 {[%clk 0:01:03]} 30. Qf2
{[%clk 0:03:11]} Rh6 {[%clk 0:00:56]} 31. Nh2 {[%clk 0:03:20]} Re3
{[%clk 0:00:52]} 32. Rxa7 {[%clk 0:03:16]} Rh4 {[%clk 0:00:52]} 33. Rb1
{[%clk 0:01:48]} Bxg4 {[%clk 0:01:08]} 34. Nxg4 {[%clk 0:01:58]} Rxg4+
{[%clk 0:01:26]} 35. fxg4 {[%clk 0:01:41]} Rg3+ {[%clk 0:01:20]} 36. Kf1
{[%clk 0:01:27]} Qh6 {[%clk 0:00:37]} 37. Rxg7+ {[%clk 0:01:10]} Kxg7
{[%clk 0:00:32]} 38. Qa7+ {[%clk 0:01:24]} 1-0

[Event "SM-gruppen"]
[Site "Örebro"]
[Date "2013.07.06"]
[Round "1"]
[White "Wiedenkeller, Michael"]
[Black "Brynell, Stellan"]
[Result "1/2-1/2"]
[BlackElo "2484"]
[WhiteElo "2475"]

1. d4 {[%clk 1:30:47]} e6 {[%clk 1:30:51]} 2. c4 {[%clk 1:30:52]} Nf6
{[%clk 1:31:15]} 3. Nc3 {[%clk 1:31:09]} Bb4 {[%clk 1:31:36]} 4. Qc2
{[%clk 1:31:05]} O-O {[%clk 1:31:29]} 5. e4 {[%clk 1:30:30]} d5 {[%clk 1:31:22]}
6. e5 {[%clk 1:30:20]} Ne4 {[%clk 1:31:45]} 7. Bd3 {[%clk 1:29:56]} c5
{[%clk 1:31:32]} 8. Nf3 {[%clk 1:29:35]} cxd4 {[%clk 1:31:54]} 9. Nxd4
{[%clk 1:29:58]} Nd7 {[%clk 1:32:14]} 10. Bf4 {[%clk 1:29:26]} Qh4
{[%clk 1:31:32]} 11. g3 {[%clk 1:28:50]} Qh3 {[%clk 1:31:47]} 12. O-O-O
{[%clk 1:25:36]} Nxc3 {[%clk 1:31:57]} 13. bxc3 {[%clk 1:25:20]} Ba3+
{[%clk 1:32:20]} 14. Kb1 {[%clk 1:25:03]} Nb6 {[%clk 1:32:42]} 15. Bf1
{[%clk 1:21:32]} Qh5 {[%clk 1:32:47]} 16. Be2 {[%clk 1:19:49]} Qg6
{[%clk 1:32:36]} 17. Bd3 {[%clk 1:02:21]} Qh5 {[%clk 1:32:29]} 18. Be2
{[%clk 0:59:17]} Qg6 {[%clk 1:32:36]} 19. Bd3 {[%clk 0:59:32]} Qh5
{[%clk 1:32:55]} 20. Be2 {[%clk 0:59:41]} 1/2-1/2

[Event "SM-gruppen"]
[Site "Örebro"]
[Date "2013.07.06"]
[Round "1"]
[White "Lindberg, Bengt"]
[Black "Smith, Axel"]
[Result "1/2-1/2"]
[BlackElo "2461"]
[WhiteElo "2410"]

1. e4 {[%clk 1:30:57]} e5 {[%clk 1:30:59]} 2. Nf3 {[%clk 1:31:08]} Nc6
{[%clk 1:31:28]} 3. Bb5 {[%clk 1:31:11]} Nf6 {[%clk 1:31:56]} 4. Nc3
{[%clk 1:28:59]} Bc5 {[%clk 1:32:20]} 5. d3 {[%clk 1:28:08]} O-O {[%clk 1:32:04]}
6. Bg5 {[%clk 1:24:58]} h6 {[%clk 1:32:05]} 7. Bh4 {[%clk 1:23:51]} Nd4
{[%clk 1:30:38]} 8. Nxd4 {[%clk 1:12:36]} Bxd4 {[%clk 1:29:04]} 9. O-O
{[%clk 1:02:45]} c6 {[%clk 1:27:07]} 10. Ba4 {[%clk 1:02:30]} d6 {[%clk 1:00:24]}
11. Kh1 {[%clk 0:50:03]} g5 {[%clk 0:47:42]} 12. Bg3 {[%clk 0:50:23]} Bxc3
{[%clk 0:45:34]} 13. bxc3 {[%clk 0:50:47]} Qa5 {[%clk 0:45:52]} 14. Bb3
{[%clk 0:50:43]} Qxc3 {[%clk 0:46:20]} 15. f3 {[%clk 0:46:04]} Qa5
{[%clk 0:41:32]} 16. d4 {[%clk 0:44:03]} Qc7 {[%clk 0:36:00]} 17. Qd2
{[%clk 0:39:55]} Nh5 {[%clk 0:35:29]} 18. Bf2 {[%clk 0:40:19]} Be6
{[%clk 0:26:22]} 19. Bxe6 {[%clk 0:34:04]} fxe6 {[%clk 0:26:51]} 20. dxe5
{[%clk 0:34:27]} dxe5 {[%clk 0:27:08]} 21. Qb4 {[%clk 0:34:52]} b6
{[%clk 0:24:08]} 22. a4 {[%clk 0:35:04]} Rad8 {[%clk 0:20:52]} 23. a5
{[%clk 0:29:35]} c5 {[%clk 0:21:21]} 24. axb6 {[%clk 0:26:53]} axb6
{[%clk 0:21:46]} 25. Qc4 {[%clk 0:27:01]} Rd6 {[%clk 0:22:10]} 26. Qc3
{[%clk 0:25:10]} Rd7 {[%clk 0:17:52]} 27. Qc4 {[%clk 0:22:12]} Rd6
{[%clk 0:18:10]} 28. Qc3 {[%clk 0:22:10]} Rd7 {[%clk 0:18:38]} 29. Qc4
{[%clk 0:22:05]} Kf7 {[%clk 0:12:24]} 30. Be3 {[%clk 0:21:15]} Nf4
{[%clk 0:11:20]} 31. g3 {[%clk 0:19:49]} Ng6 {[%clk 0:11:49]} 32. Ra6
{[%clk 0:14:04]} Rfd8 {[%clk 0:10:20]} 33. Kg2 {[%clk 0:13:46]} Qc6
{[%clk 0:06:59]} 34. Rb1 {[%clk 0:10:43]} Rd6 {[%clk 0:07:28]} 35. Kh3
{[%clk 0:07:53]} Kf6 {[%clk 0:06:14]} 36. Rf1 {[%clk 0:04:28]} Kg7
{[%clk 0:05:34]} 37. Rb1 {[%clk 0:03:08]} Kf6 {[%clk 0:03:39]} 38. Rf1
{[%clk 0:02:07]} Kg7 {[%clk 0:04:08]} 39. Rb1 {[%clk 0:02:28]} 1/2-1/2

[Event "SM-gruppen"]
[Site "Örebro"]
[Date "2013.07.06"]
[Round "1"]
[White "Grandelius, Nils"]
[Black "Tikkanen, Hans"]
[Result "1/2-1/2"]
[BlackElo "2528"]
[WhiteElo "2573"]

1. e4 {[%clk 1:30:53]} Nc6 {[%clk 1:30:52]} 2. Nf3 {[%clk 1:30:21]} d6
{[%clk 1:31:16]} 3. d4 {[%clk 1:30:18]} Nf6 {[%clk 1:31:41]} 4. Nc3
{[%clk 1:29:45]} g6 {[%clk 1:31:45]} 5. d5 {[%clk 1:25:27]} Nb8 {[%clk 1:31:38]}
6. h3 {[%clk 1:24:46]} Bg7 {[%clk 1:31:40]} 7. Be2 {[%clk 1:24:41]} O-O
{[%clk 1:30:23]} 8. O-O {[%clk 1:25:05]} e5 {[%clk 1:26:42]} 9. dxe6
{[%clk 1:18:49]} Bxe6 {[%clk 1:27:01]} 10. Bf4 {[%clk 1:19:12]} d5
{[%clk 0:40:50]} 11. exd5 {[%clk 1:05:36]} Nxd5 {[%clk 0:40:43]} 12. Nxd5
{[%clk 1:06:01]} Qxd5 {[%clk 0:38:54]} 13. c3 {[%clk 1:06:19]} Qc5
{[%clk 0:31:34]} 14. Nd4 {[%clk 0:59:15]} Bc4 {[%clk 0:30:30]} 15. Nb3
{[%clk 0:55:38]} Qb5 {[%clk 0:30:00]} 16. Bxc4 {[%clk 0:54:05]} Qxc4
{[%clk 0:30:23]} 17. Qf3 {[%clk 0:54:28]} Nd7 {[%clk 0:24:59]} 18. Rad1
{[%clk 0:53:06]} Nb6 {[%clk 0:23:35]} 19. Be3 {[%clk 0:38:56]} c6
{[%clk 0:21:42]} 20. Bd4 {[%clk 0:38:49]} Rfe8 {[%clk 0:18:01]} 21. Bxg7
{[%clk 0:35:09]} Kxg7 {[%clk 0:18:29]} 22. Rd6 {[%clk 0:35:24]} Re6
{[%clk 0:16:03]} 23. Rfd1 {[%clk 0:31:01]} Rae8 {[%clk 0:15:53]} 24. Rxe6
{[%clk 0:29:40]} Rxe6 {[%clk 0:15:25]} 25. Na5 {[%clk 0:23:23]} Qa6
{[%clk 0:05:58]} 26. b4 {[%clk 0:23:14]} Nc4 {[%clk 0:06:24]} 27. Nxc4
{[%clk 0:19:06]} Qxc4 {[%clk 0:06:52]} 28. Rd7 {[%clk 0:19:14]} Rf6
{[%clk 0:06:49]} 29. Qe3 {[%clk 0:16:18]} Re6 {[%clk 0:06:04]} 30. Qd4+
{[%clk 0:14:22]} Qxd4 {[%clk 0:06:25]} 31. cxd4 {[%clk 0:14:50]} Re1+
{[%clk 0:06:36]} 32. Kh2 {[%clk 0:15:18]} Ra1 {[%clk 0:06:55]} 33. Rxb7
{[%clk 0:15:22]} Rxa2 {[%clk 0:07:20]} 34. Kg3 {[%clk 0:15:46]} Rd2
{[%clk 0:07:09]} 35. Rxa7 {[%clk 0:15:57]} Rxd4 {[%clk 0:07:33]} 36. Ra6
{[%clk 0:16:04]} Rxb4 {[%clk 0:07:56]} 37. Rxc6 {[%clk 0:16:31]} h5
{[%clk 0:08:18]} 38. h4 {[%clk 0:16:56]} Rg4+ {[%clk 0:08:40]} 39. Kh3
{[%clk 0:17:22]} Rf4 {[%clk 0:09:04]} 40. f3 {[%clk 0:17:46]} Ra4
{[%clk 0:09:25]} 1/2-1/2

[Event "SM-gruppen"]
[Site "Örebro"]
[Date "2013.07.07"]
[Round "2"]
[White "Smith, Axel"]
[Black "Carlsson, Pontus"]
[Result "1-0"]
[BlackElo "2516"]
[WhiteElo "2461"]

1. d4 {[%clk 1:31:00]} Nf6 {[%clk 1:26:07]} 2. c4 {[%clk 1:31:24]} g6
{[%clk 1:24:59]} 3. g3 {[%clk 1:29:05]} Bg7 {[%clk 1:24:29]} 4. Bg2
{[%clk 1:29:33]} O-O {[%clk 1:24:26]} 5. Nc3 {[%clk 1:30:00]} d6 {[%clk 1:21:53]}
6. Nf3 {[%clk 1:30:28]} Nbd7 {[%clk 1:19:21]} 7. O-O {[%clk 1:30:53]} e5
{[%clk 1:18:08]} 8. e4 {[%clk 1:30:35]} c6 {[%clk 1:18:10]} 9. h3
{[%clk 1:27:38]} Qa5 {[%clk 1:18:15]} 10. Re1 {[%clk 1:27:51]} exd4
{[%clk 1:17:49]} 11. Nxd4 {[%clk 1:28:19]} Ne5 {[%clk 1:18:03]} 12. Bf1
{[%clk 1:28:46]} Be6 {[%clk 0:59:46]} 13. Nxe6 {[%clk 1:27:27]} fxe6
{[%clk 0:59:42]} 14. Kg2 {[%clk 1:25:56]} Rad8 {[%clk 0:56:59]} 15. f4
{[%clk 1:12:34]} Nf7 {[%clk 0:56:38]} 16. g4 {[%clk 0:56:46]} d5 {[%clk 0:25:21]}
17. cxd5 {[%clk 0:55:23]} cxd5 {[%clk 0:25:23]} 18. e5 {[%clk 0:53:58]} Ne4
{[%clk 0:21:56]} 19. Nxe4 {[%clk 0:33:22]} dxe4 {[%clk 0:22:22]} 20. Qe2
{[%clk 0:33:47]} g5 {[%clk 0:13:52]} 21. Qxe4 {[%clk 0:33:41]} gxf4
{[%clk 0:13:40]} 22. Bxf4 {[%clk 0:33:40]} Nxe5 {[%clk 0:11:39]} 23. Bxe5
{[%clk 0:22:30]} Rd2+ {[%clk 0:11:55]} 24. Kg3 {[%clk 0:22:12]} Rxf1
{[%clk 0:01:12]} 25. Bxg7 {[%clk 0:22:03]} Rxe1 {[%clk 0:01:14]} 26. Rxe1
{[%clk 0:22:07]} Kxg7 {[%clk 0:01:38]} 27. Qxe6 {[%clk 0:21:18]} Qc7+
{[%clk 0:00:36]} 28. Kh4 {[%clk 0:21:26]} Qf7 {[%clk 0:00:35]} 29. Qe5+
{[%clk 0:06:18]} Qf6+ {[%clk 0:00:59]} 30. Qxf6+ {[%clk 0:06:40]} Kxf6
{[%clk 0:01:28]} 31. Kh5 {[%clk 0:07:02]} Rxb2 {[%clk 0:00:50]} 32. Kh6
{[%clk 0:07:27]} Rxa2 33. g5+ {[%clk 0:05:52]} Kf5 {[%clk 0:00:36]} 34. Rf1+
{[%clk 0:04:40]} Ke4 {[%clk 0:01:05]} 35. h4 {[%clk 0:04:31]} Rh2
{[%clk 0:01:25]} 36. h5 {[%clk 0:04:50]} a5 {[%clk 0:01:26]} 37. Rf7
{[%clk 0:04:43]} a4 {[%clk 0:00:34]} 38. Rxb7 {[%clk 0:03:41]} a3
{[%clk 0:00:39]} 39. Rxh7 {[%clk 0:03:26]} a2 {[%clk 0:00:57]} 40. Ra7
{[%clk 0:33:46]} Kf5 {[%clk 0:30:47]} 41. g6 {[%clk 0:31:51]} 1-0

[Event "SM-gruppen"]
[Site "Örebro"]
[Date "2013.07.07"]
[Round "2"]
[White "Brynell, Stellan"]
[Black "Hillarp Persson, Tiger"]
[Result "1/2-1/2"]
[BlackElo "2528"]
[WhiteElo "2484"]

1. d4 {[%clk 1:30:56]} Nf6 {[%clk 1:26:23]} 2. c4 {[%clk 1:31:03]} g6
{[%clk 1:26:46]} 3. g3 {[%clk 1:30:21]} Bg7 {[%clk 1:27:09]} 4. Bg2
{[%clk 1:30:46]} O-O {[%clk 1:27:32]} 5. Nc3 {[%clk 1:30:59]} d6 {[%clk 1:27:55]}
6. Nf3 {[%clk 1:31:24]} c6 {[%clk 1:28:14]} 7. O-O {[%clk 1:31:45]} Bf5
{[%clk 1:28:39]} 8. Ne1 {[%clk 1:30:27]} Qc8 {[%clk 1:27:57]} 9. e4
{[%clk 1:30:16]} Bh3 {[%clk 1:28:18]} 10. Bxh3 {[%clk 1:28:58]} Qxh3
{[%clk 1:28:39]} 11. f3 {[%clk 1:29:10]} Bh6 {[%clk 1:06:20]} 12. Nd3
{[%clk 1:05:14]} Bxc1 {[%clk 1:04:32]} 13. Rxc1 {[%clk 1:04:34]} Nbd7
{[%clk 0:57:02]} 14. Qd2 {[%clk 0:56:03]} e5 {[%clk 0:32:13]} 15. d5
{[%clk 0:55:45]} c5 {[%clk 0:27:31]} 16. Rce1 {[%clk 0:41:31]} a6
{[%clk 0:27:00]} 17. a4 {[%clk 0:39:55]} Rab8 {[%clk 0:26:27]} 18. Qg2
{[%clk 0:33:43]} Qxg2+ {[%clk 0:24:53]} 19. Kxg2 {[%clk 0:34:09]} Ne8
{[%clk 0:22:31]} 20. f4 {[%clk 0:26:41]} f6 {[%clk 0:22:54]} 21. a5
{[%clk 0:25:12]} b6 {[%clk 0:20:17]} 22. axb6 {[%clk 0:25:36]} Rxb6
{[%clk 0:20:40]} 23. Rb1 {[%clk 0:20:00]} Rb3 {[%clk 0:19:20]} 24. Nc1
{[%clk 0:19:13]} Rb7 {[%clk 0:18:48]} 25. Nd3 {[%clk 0:17:49]} Rb3
{[%clk 0:19:10]} 26. Nc1 {[%clk 0:17:54]} Rb7 {[%clk 0:19:28]} 27. Nd3
{[%clk 0:17:17]} 1/2-1/2

[Event "SM-gruppen"]
[Site "Örebro"]
[Date "2013.07.07"]
[Round "2"]
[White "Hector, Jonny"]
[Black "Cramling, Pia"]
[Result "1-0"]
[BlackElo "2524"]
[WhiteElo "2509"]

1. d4 {[%clk 1:30:55]} d5 {[%clk 1:29:37]} 2. Nc3 {[%clk 1:31:19]} Nf6
{[%clk 1:27:44]} 3. Bg5 {[%clk 1:31:39]} Nbd7 {[%clk 1:27:47]} 4. Qd3
{[%clk 1:31:52]} c6 {[%clk 1:23:45]} 5. Nf3 {[%clk 1:30:15]} g6 {[%clk 1:18:03]}
6. e4 {[%clk 1:29:52]} dxe4 {[%clk 1:17:57]} 7. Nxe4 {[%clk 1:30:10]} Nxe4
{[%clk 1:13:23]} 8. Qxe4 {[%clk 1:30:32]} Bg7 {[%clk 1:13:35]} 9. Bc4
{[%clk 1:23:21]} Nf6 {[%clk 1:12:16]} 10. Qe2 {[%clk 1:21:44]} O-O
{[%clk 1:11:39]} 11. h3 {[%clk 1:11:23]} Bf5 {[%clk 0:59:18]} 12. O-O
{[%clk 1:06:19]} Be4 {[%clk 0:55:59]} 13. c3 {[%clk 0:57:53]} Bd5
{[%clk 0:51:27]} 14. Bd3 {[%clk 0:58:01]} Bxf3 {[%clk 0:50:06]} 15. Qxf3
{[%clk 0:58:20]} Qd5 {[%clk 0:49:54]} 16. Qe3 {[%clk 0:57:08]} Rad8
{[%clk 0:49:10]} 17. Bc2 {[%clk 0:56:27]} Rfe8 {[%clk 0:41:15]} 18. Rfe1
{[%clk 0:54:52]} Qb5 {[%clk 0:40:47]} 19. Rab1 {[%clk 0:46:44]} c5
{[%clk 0:27:25]} 20. dxc5 {[%clk 0:43:14]} Nd5 {[%clk 0:27:34]} 21. Qf3
{[%clk 0:37:48]} Qxc5 {[%clk 0:27:14]} 22. Bb3 {[%clk 0:37:39]} h6
{[%clk 0:13:53]} 23. Be3 {[%clk 0:35:25]} Qa5 {[%clk 0:13:56]} 24. Bxa7
{[%clk 0:33:51]} Qxa7 {[%clk 0:12:00]} 25. Bxd5 {[%clk 0:34:10]} e6
{[%clk 0:12:21]} 26. Bb3 {[%clk 0:28:47]} b5 {[%clk 0:11:57]} 27. Qe2
{[%clk 0:26:00]} Qc5 {[%clk 0:11:46]} 28. a3 {[%clk 0:26:06]} Bf8
{[%clk 0:09:27]} 29. Rbd1 {[%clk 0:24:34]} h5 {[%clk 0:09:38]} 30. Rd3
{[%clk 0:22:05]} Rxd3 {[%clk 0:09:24]} 31. Qxd3 {[%clk 0:22:31]} Bd6
{[%clk 0:09:16]} 32. Qe4 {[%clk 0:16:53]} Bc7 {[%clk 0:07:51]} 33. Rd1
{[%clk 0:14:52]} Bb6 {[%clk 0:07:42]} 34. Qe2 {[%clk 0:14:39]} Qg5
{[%clk 0:05:16]} 35. Bc2 {[%clk 0:11:29]} Rb8 {[%clk 0:03:16]} 36. Qf3
{[%clk 0:07:12]} h4 {[%clk 0:02:39]} 37. Rd7 {[%clk 0:05:07]} Rf8
{[%clk 0:03:05]} 38. Qd1 {[%clk 0:04:09]} Qe5 {[%clk 0:02:33]} 39. Kf1
{[%clk 0:03:20]} Qf4 {[%clk 0:01:34]} 40. Qd2 {[%clk 0:33:08]} Qh2
{[%clk 0:31:13]} 41. Qg5 {[%clk 0:22:52]} Qh1+ {[%clk 0:29:37]} 42. Ke2
{[%clk 0:23:20]} Qg1 {[%clk 0:29:53]} 43. Bxg6 {[%clk 0:22:45]} Qxf2+
{[%clk 0:29:05]} 44. Kd1 {[%clk 0:22:40]} Qf1+ {[%clk 0:18:25]} 45. Kc2
{[%clk 0:22:56]} Qe2+ {[%clk 0:18:02]} 46. Kb1 {[%clk 0:20:23]} 1-0

[Event "SM-gruppen"]
[Site "Örebro"]
[Date "2013.07.07"]
[Round "2"]
[White "Lindberg, Bengt"]
[Black "Grandelius, Nils"]
[Result "0-1"]
[BlackElo "2573"]
[WhiteElo "2410"]

1. e4 {[%clk 1:30:57]} c5 {[%clk 1:30:38]} 2. Nf3 {[%clk 1:31:21]} d6
{[%clk 1:30:07]} 3. d4 {[%clk 1:31:43]} cxd4 {[%clk 1:30:33]} 4. Nxd4
{[%clk 1:32:08]} Nf6 {[%clk 1:30:55]} 5. Nc3 {[%clk 1:32:35]} a6 {[%clk 1:31:18]}
6. Be2 {[%clk 1:32:59]} e6 {[%clk 1:31:44]} 7. O-O {[%clk 1:31:35]} Be7
{[%clk 1:31:30]} 8. f4 {[%clk 1:29:48]} O-O {[%clk 1:31:10]} 9. Kh1
{[%clk 1:28:34]} Qc7 {[%clk 1:27:50]} 10. a4 {[%clk 1:26:43]} Nc6
{[%clk 1:27:41]} 11. Be3 {[%clk 1:26:56]} Re8 {[%clk 1:27:14]} 12. Bg1
{[%clk 1:26:58]} Bd7 {[%clk 1:25:27]} 13. Nb3 {[%clk 1:26:32]} b6
{[%clk 1:25:22]} 14. Bf3 {[%clk 1:25:17]} Rab8 {[%clk 1:24:13]} 15. Qe2
{[%clk 1:23:26]} Nb4 {[%clk 1:22:04]} 16. e5 {[%clk 0:54:56]} Nfd5
{[%clk 1:21:54]} 17. Nxd5 {[%clk 0:53:39]} Nxd5 {[%clk 1:22:03]} 18. Be4
{[%clk 0:54:03]} g6 {[%clk 1:21:14]} 19. Bd4 {[%clk 0:53:51]} Nb4
{[%clk 1:18:39]} 20. Bc3 {[%clk 0:48:33]} d5 {[%clk 1:18:23]} 21. Bf3
{[%clk 0:48:01]} b5 {[%clk 1:15:28]} 22. Bxb4 {[%clk 0:25:38]} Bxb4
{[%clk 1:15:34]} 23. a5 {[%clk 0:26:02]} Rec8 {[%clk 1:10:45]} 24. Rfc1
{[%clk 0:24:54]} Bf8 {[%clk 1:09:35]} 25. g3 {[%clk 0:22:52]} Qa7
{[%clk 1:03:27]} 26. Qf1 {[%clk 0:20:56]} Rc4 {[%clk 1:01:27]} 27. Be2
{[%clk 0:19:31]} Ra4 {[%clk 0:56:03]} 28. Bd3 {[%clk 0:18:45]} Qc7
{[%clk 0:55:38]} 29. c3 {[%clk 0:09:27]} Rxa1 {[%clk 0:51:37]} 30. Rxa1
{[%clk 0:09:55]} b4 {[%clk 0:51:57]} 31. Rc1 {[%clk 0:10:20]} bxc3
{[%clk 0:49:51]} 32. Rxc3 {[%clk 0:10:44]} Qa7 {[%clk 0:50:15]} 33. Qg1
{[%clk 0:05:05]} Qxg1+ {[%clk 0:35:34]} 34. Kxg1 {[%clk 0:05:33]} Bb4
{[%clk 0:35:56]} 35. Rc7 {[%clk 0:01:00]} Ba4 {[%clk 0:35:47]} 36. Nc5
{[%clk 0:01:02]} Bxa5 {[%clk 0:36:02]} 37. Rb7 {[%clk 0:01:25]} Rxb7
{[%clk 0:35:15]} 38. Nxb7 {[%clk 0:01:54]} Bb6+ {[%clk 0:35:30]} 39. Kf1
{[%clk 0:02:22]} a5 {[%clk 0:35:25]} 40. Nd6 {[%clk 0:32:07]} Bb3
{[%clk 0:58:32]} 41. Ke2 {[%clk 0:15:06]} Kf8 {[%clk 0:45:12]} 42. Bb5
{[%clk 0:09:55]} a4 {[%clk 0:39:32]} 43. Nb7 {[%clk 0:02:16]} Ke7
{[%clk 0:39:41]} 44. Bc6 {[%clk 0:01:09]} f6 {[%clk 0:36:51]} 45. exf6+
{[%clk 0:01:34]} Kxf6 {[%clk 0:37:15]} 46. h4 {[%clk 0:01:00]} e5
{[%clk 0:37:15]} 47. fxe5+ {[%clk 0:01:03]} Kxe5 {[%clk 0:37:39]} 48. Be8
{[%clk 0:00:37]} d4 {[%clk 0:35:57]} 49. Bc6 {[%clk 0:00:37]} Bd5
{[%clk 0:36:06]} 0-1

[Event "SM-gruppen"]
[Site "Örebro"]
[Date "2013.07.07"]
[Round "2"]
[White "Tikkanen, Hans"]
[Black "Wiedenkeller, Michael"]
[Result "1/2-1/2"]
[BlackElo "2475"]
[WhiteElo "2528"]

1. c4 {[%clk 1:30:57]} Nf6 {[%clk 1:28:55]} 2. g3 {[%clk 1:30:47]} e6
{[%clk 1:29:03]} 3. Bg2 {[%clk 1:31:10]} d5 {[%clk 1:29:04]} 4. Nf3
{[%clk 1:31:32]} dxc4 {[%clk 1:28:48]} 5. Qa4+ {[%clk 1:31:35]} Nbd7
{[%clk 1:28:36]} 6. Qxc4 {[%clk 1:29:28]} c5 {[%clk 1:27:17]} 7. d4
{[%clk 1:10:57]} a6 {[%clk 1:10:48]} 8. dxc5 {[%clk 0:58:54]} Bxc5
{[%clk 1:08:59]} 9. Qc2 {[%clk 0:51:19]} b6 {[%clk 0:55:48]} 10. Nd4
{[%clk 0:35:56]} Nd5 {[%clk 0:50:20]} 11. Nb3 {[%clk 0:31:54]} Bb4+
{[%clk 0:41:26]} 12. Bd2 {[%clk 0:31:44]} Bb7 {[%clk 0:41:12]} 13. O-O
{[%clk 0:29:50]} Bxd2 {[%clk 0:32:23]} 14. Qxd2 {[%clk 0:29:40]} O-O
{[%clk 0:30:58]} 15. Nc3 {[%clk 0:27:37]} N7f6 {[%clk 0:30:49]} 16. Rac1
{[%clk 0:25:04]} Nxc3 {[%clk 0:27:30]} 17. Rxc3 {[%clk 0:23:46]} Qxd2
{[%clk 0:26:40]} 18. Nxd2 {[%clk 0:24:13]} Bxg2 {[%clk 0:26:59]} 19. Kxg2
{[%clk 0:24:41]} Rfd8 {[%clk 0:26:51]} 20. Nf3 {[%clk 0:23:29]} Nd5
{[%clk 0:18:56]} 21. Rc6 {[%clk 0:23:48]} b5 {[%clk 0:18:47]} 22. a3
{[%clk 0:22:22]} Kf8 {[%clk 0:16:57]} 23. Rfc1 {[%clk 0:20:01]} Ne7
{[%clk 0:16:20]} 24. Rb6 {[%clk 0:13:04]} Nc8 {[%clk 0:09:16]} 25. Rb7
{[%clk 0:08:28]} Nd6 {[%clk 0:09:29]} 26. Rbc7 {[%clk 0:08:52]} Rac8
{[%clk 0:08:06]} 27. b3 {[%clk 0:08:08]} Ke8 {[%clk 0:07:45]} 28. Ne5
{[%clk 0:07:28]} Rxc7 {[%clk 0:05:12]} 29. Rxc7 {[%clk 0:07:56]} Rc8
{[%clk 0:05:37]} 30. Ra7 {[%clk 0:06:27]} Rc2 {[%clk 0:05:16]} 31. Rxa6
{[%clk 0:03:37]} Rxe2 {[%clk 0:05:34]} 32. Rxd6 {[%clk 0:03:13]} Rxe5
{[%clk 0:06:01]} 33. Rb6 {[%clk 0:03:31]} Ke7 {[%clk 0:04:45]} 34. Rb7+
{[%clk 0:03:35]} Kf6 {[%clk 0:05:03]} 35. h4 {[%clk 0:03:39]} h6 {[%clk 0:04:48]}
36. Ra7 {[%clk 0:02:56]} Re1 {[%clk 0:01:15]} 37. h5 {[%clk 0:01:38]} Rb1
{[%clk 0:01:28]} 38. b4 {[%clk 0:02:02]} Rb3 {[%clk 0:01:40]} 39. Ra5
{[%clk 0:01:05]} e5 {[%clk 0:01:02]} 40. Rxb5 {[%clk 0:00:50]} Rxa3
{[%clk 0:01:19]} 41. Rb6+ {[%clk 0:27:34]} Kg5 {[%clk 0:28:59]} 42. Rb7
{[%clk 0:27:48]} Kf6 {[%clk 0:27:56]} 43. b5 {[%clk 0:24:40]} e4 {[%clk 0:25:15]}
44. b6 {[%clk 0:20:17]} Rb3 {[%clk 0:23:03]} 45. Kf1 {[%clk 0:15:19]} Rb2
{[%clk 0:22:20]} 46. Ke1 {[%clk 0:15:10]} Ke6 {[%clk 0:18:19]} 47. Rb8
{[%clk 0:13:49]} Kf6 {[%clk 0:17:31]} 48. b7 {[%clk 0:11:29]} Kg5
{[%clk 0:17:13]} 49. Rg8 {[%clk 0:10:29]} Rxb7 {[%clk 0:17:29]} 50. Rxg7+
{[%clk 0:10:52]} Kxh5 {[%clk 0:15:41]} 51. f3 {[%clk 0:04:31]} Rb1+
{[%clk 0:11:12]} 52. Kf2 {[%clk 0:04:31]} f5 {[%clk 0:11:07]} 53. fxe4
{[%clk 0:04:29]} fxe4 {[%clk 0:11:30]} 54. Ke3 {[%clk 0:04:47]} Re1+
{[%clk 0:11:37]} 55. Kxe4 1/2-1/2